| 000 | 00657nam a22002057a 4500 | ||
|---|---|---|---|
| 005 | 20180807103159.0 | ||
| 010 | _aENG-123820 | ||
| 020 |
_a9788189941529 _c200.00 |
||
| 035 | _aEN-107352 | ||
| 037 | _bDBAD/PUB | ||
| 082 | _a571.6 | ||
| 100 | _aArumugam, N. | ||
| 245 |
_aCell biology & molecular biology / _cby N. Arumugam |
||
| 250 | _a7th ed. | ||
| 260 |
_aKanyakumari Dist. _bSaras Publication _c2013 |
||
| 270 |
_a114/35GA.R.P., Camp Road, Periavilai, Kottar P.O., Nagercoil, _bKanyakumari Dist. _e629002 |
||
| 300 |
_axvi,570p. _c21cm.(pbk) _bill. |
||
| 500 | _aIt includes glossary and index | ||
| 942 |
_2ddc _cEN _h571.6 _mARU |
||
| 999 |
_c155571 _d155571 |
||